[Event "79th ch-ESP 2014"]
[Site "Linares ESP"]
[Date "2014.09.01"]
[Round "8.27"]
[White "Redondo Benavente, Jose Carlos"]
[Black "Sanchez Saez, Francisco"]
[Result "0-1"]
[BlackTitle "FM"]
[WhiteElo "2027"]
[BlackElo "2319"]
[WhiteFideId "32010788"]
[BlackFideId "2231743"]
[EventDate "2014.08.25"]

1. e4 g6 2. d4 Bg7 3. Nf3 d6 4. Bc4 Nf6 5. Qe2 Nc6 6. e5 dxe5 7. dxe5 Ng4 8. e6
Bxe6 9. Bxe6 fxe6 10. Qxe6 Nd4 11. Nxd4 Qxd4 12. O-O Rd8 13. h3 Qxf2+ 14. Rxf2
Rd1+ 15. Rf1 Bd4+ 16. Be3 Bxe3+ 17. Qxe3 Rxf1+ 18. Kxf1 Nxe3+ 19. Ke2 Nxc2 20.
Nd2 Nxa1 21. Kd1 Rf8 22. Nf3 Rf6 23. Ne1 Rf1 24. Ke2 Rxe1+ 0-1

[Event "79th ch-ESP 2014"]
[Site "Linares ESP"]
[Date "2014.09.01"]
[Round "8.28"]
[White "Shen, Yue"]
[Black "Meco Benitez, Jose Luis"]
[Result "1-0"]
[WhiteElo "2266"]
[BlackElo "2028"]
[WhiteFideId "22251006"]
[BlackFideId "2266369"]
[EventDate "2014.08.25"]

1. d4 d5 2. c4 e6 3. Nf3 Nf6 4. g3 c6 5. Bg2 Bd6 6. Qc2 Nbd7 7. O-O O-O 8. Nc3
Re8 9. Rd1 Qe7 10. b3 dxc4 11. bxc4 e5 12. d5 cxd5 13. cxd5 a6 14. Nd2 Nc5 15.
Nc4 Bg4 16. Ba3 Rac8 17. Nxd6 Qxd6 18. Na4 Nfd7 19. Rac1 b6 20. Nxc5 bxc5 21.
Be4 h6 22. Bh7+ Kh8 23. Bf5 Bxf5 24. Qxf5 Kg8 25. e4 Rb8 26. Rc4 Rb5 27. Rdc1
Reb8 28. Kg2 R8b7 29. Bxc5 Nxc5 30. Qc8+ Qf8 31. Rxc5 Qxc8 32. Rxc8+ Kh7 33.
R1c7 Rxc7 34. Rxc7 Rb4 35. Kf3 f6 36. Rc3 Rd4 37. Ke3 Kg6 38. Rd3 Rc4 39. Ra3
Kf7 40. Rxa6 Rc3+ 41. Kd2 Rf3 42. Ra7+ Ke8 43. Ke2 Rc3 44. f4 Rc2+ 45. Kf3 Rxh2
46. Rxg7 Rxa2 47. Rh7 f5 48. fxe5 Ra3+ 49. Kf4 fxe4 50. Kxe4 Rxg3 51. Kf5 Rg5+
52. Kf6 Rh5 53. e6 Kd8 54. d6 Kc8 55. Rc7+ Kb8 56. e7 1-0

[Event "79th ch-ESP 2014"]
[Site "Linares ESP"]
[Date "2014.09.01"]
[Round "8.29"]
[White "Hernandez Estevez, Yudania"]
[Black "Ruperez Benito, Antonio"]
[Result "1/2-1/2"]
[WhiteTitle "WIM"]
[WhiteElo "2258"]
[BlackElo "2018"]
[WhiteFideId "2219344"]
[BlackFideId "22245049"]
[EventDate "2014.08.25"]

1. e4 e6 2. d4 d5 3. Nc3 Bb4 4. e5 c5 5. a3 Bxc3+ 6. bxc3 Qa5 7. Bd2 Qa4 8. Nf3
b6 9. Bd3 Ba6 10. O-O Ne7 11. Be3 Nd7 12. h4 Rc8 13. h5 h6 14. Qd2 Nf5 15. Rfb1
Nxe3 16. Qxe3 O-O 17. g4 c4 18. Rb4 Qc6 19. Bf1 f6 20. Bg2 fxe5 21. Nxe5 Nxe5
22. Qxe5 Rf6 23. f4 Rcf8 24. Rf1 Bb7 25. Rbb1 Qd7 26. Kh2 g6 27. hxg6 Rxg6 28.
Bh3 Bc8 29. Rf2 Qe7 30. Rg1 Qh4 31. Rg3 Kh7 32. Qh5 Qxh5 33. gxh5 Rgf6 34. Rgf3
Bd7 35. Kg3 Rg8+ 36. Kh2 Rgf8 37. Kg3 Rg8+ 38. Kh2 Rgf8 39. Kg3 1/2-1/2

[Event "79th ch-ESP 2014"]
[Site "Linares ESP"]
[Date "2014.09.01"]
[Round "8.30"]
[White "Pablos Tenrero, Raquel"]
[Black "Sanchez Barbado, Carlos"]
[Result "1/2-1/2"]
[WhiteElo "1965"]
[BlackElo "2249"]
[WhiteFideId "2216213"]
[BlackFideId "2273012"]
[EventDate "2014.08.25"]

1. e4 c5 2. Nf3 e6 3. d4 cxd4 4. Nxd4 Nf6 5. Nc3 Nc6 6. Ndb5 Bb4 7. a3 Bxc3+ 8.
Nxc3 d5 9. exd5 exd5 10. Bd3 d4 11. Qe2+ Ne7 12. Ne4 Nxe4 13. Qxe4 Bf5 14. Qxb7
Qa5+ 15. Bd2 Qe5+ 16. Kf1 Rb8 17. Qf3 Bxd3+ 18. Qxd3 O-O 19. Re1 Qc7 20. Bb4
Rfe8 21. Qe4 Qc4+ 22. Kg1 f5 23. Qe2 Qxe2 24. Rxe2 Nd5 25. Kf1 Nxb4 26. axb4
Rec8 27. g3 Rxb4 28. b3 d3 29. cxd3 Rxb3 30. Ra2 f4 31. gxf4 Rc6 32. Ke2 Re6+
33. Kd2 Rd6 34. Rxa7 Rbxd3+ 35. Ke2 Rd2+ 36. Kf3 R2d3+ 37. Ke2 Rd2+ 38. Kf3
R2d3+ 39. Ke4 1/2-1/2

[Event "79th ch-ESP 2014"]
[Site "Linares ESP"]
[Date "2014.09.01"]
[Round "8.31"]
[White "Carruana Fuentes, Rafael"]
[Black "Mora Menezo, Jesus"]
[Result "1-0"]
[WhiteElo "2014"]
[BlackElo "2196"]
[WhiteFideId "2253542"]
[BlackFideId "2228980"]
[EventDate "2014.08.25"]

1. e4 c5 2. Nf3 d6 3. d4 cxd4 4. Nxd4 Nf6 5. Nc3 g6 6. Be3 Bg7 7. f3 O-O 8. Qd2
Nc6 9. O-O-O Nxd4 10. Bxd4 Be6 11. Kb1 b5 12. Bxb5 Rb8 13. a4 Qc7 14. Nd5 Qb7
15. Nxf6+ exf6 16. Qa5 a6 17. Qxa6 Qc7 18. Qc6 Qe7 19. Bb6 Rfc8 20. Qxd6 Qxd6
21. Rxd6 Bf8 22. Rxe6 fxe6 23. Bd7 Rxc2 24. Bxe6+ Kg7 25. Kxc2 Rxb6 26. Bd5 Bb4
27. Rd1 h5 28. Rd3 Ra6 29. b3 h4 30. h3 Kh6 31. Bc4 Ra7 32. Rd5 Be1 33. Kd1 Bg3
34. Ke2 Be5 35. Ke3 g5 36. a5 Bc7 37. a6 Bb6+ 38. Kd3 Kg6 39. b4 Kg7 40. b5 Bc7
41. Rd7+ 1-0

[Event "79th ch-ESP 2014"]
[Site "Linares ESP"]
[Date "2014.09.01"]
[Round "8.32"]
[White "Castilla Leon Salas, Carlos"]
[Black "Riera Morilla, Elizabeth"]
[Result "1-0"]
[WhiteElo "2190"]
[BlackElo "1976"]
[WhiteFideId "2260450"]
[BlackFideId "2281813"]
[EventDate "2014.08.25"]

1. d4 d5 2. c4 e6 3. Nc3 Nf6 4. cxd5 exd5 5. Bg5 Be7 6. e3 Nbd7 7. Bd3 c6 8. Nf3
Nf8 9. O-O Ne6 10. Bh4 g6 11. b4 a6 12. Rb1 Ng7 13. a4 Ne4 14. Bxe7 Qxe7 15. Qc2
Nxc3 16. Qxc3 Bf5 17. Rfc1 Be4 18. Bxe4 dxe4 19. Ne5 O-O 20. b5 axb5 21. axb5
cxb5 22. Qb3 Nf5 23. Qxb5 Rfc8 24. Nc4 Ra2 25. h3 Qh4 26. Rf1 Rc2 27. Na3 R2c7
28. Qd5 Rd8 29. Qa5 Rcd7 30. Rfc1 Qf6 31. Nc4 Rd5 32. Qb6 Qg5 33. Ne5 Nh4 34. g3
Nf5 35. Qc7 Nd6 36. Rb6 Rc8 37. Qxc8+ Nxc8 38. Rxc8+ Rd8 39. Rxd8+ Qxd8 40. Rxb7
f5 41. Nc6 Qd6 42. d5 h6 43. Rb8+ Kg7 44. Rd8 Qc7 45. Nd4 Qc1+ 46. Kg2 Kf6 47.
d6 Qc5 48. h4 h5 49. d7 Ke7 50. Rc8 Qd6 51. d8=Q+ Qxd8 52. Nc6+ 1-0

[Event "79th ch-ESP 2014"]
[Site "Linares ESP"]
[Date "2014.09.02"]
[Round "9.1"]
[White "Vallejo Pons, Francisco"]
[Black "Ibarra Jerez, Jose Carlos"]
[Result "1/2-1/2"]
[WhiteTitle "GM"]
[BlackTitle "GM"]
[WhiteElo "2698"]
[BlackElo "2521"]
[WhiteFideId "2205530"]
[BlackFideId "2226332"]
[EventDate "2014.08.25"]

1. d4 Nf6 2. c4 e6 3. Nf3 Bb4+ 4. Nbd2 b6 5. a3 Bxd2+ 6. Qxd2 Bb7 7. e3 O-O 8.
b3 d6 9. Bb2 Nbd7 10. Qc2 Qe7 11. Be2 Ne4 12. Rd1 f5 13. d5 e5 14. Nd2 Nxd2 15.
Qxd2 Nc5 16. Qc2 Qh4 17. O-O Rf6 18. g3 Qh3 19. f3 Rg6 20. Rf2 Nd7 21. Bf1 Qh5
22. Be2 Qh3 23. Bf1 Qh5 24. Be2 Qh3 25. Bf1 1/2-1/2

[Event "79th ch-ESP 2014"]
[Site "Linares ESP"]
[Date "2014.09.02"]
[Round "9.2"]
[White "Arribas Lopez, Angel"]
[Black "Del Rio De Angelis, Salvador G."]
[Result "1/2-1/2"]
[WhiteTitle "IM"]
[BlackTitle "GM"]
[WhiteElo "2503"]
[BlackElo "2529"]
[WhiteFideId "2283352"]
[BlackFideId "2203138"]
[EventDate "2014.08.25"]

1. e4 d6 2. d4 Nf6 3. f3 e5 4. dxe5 dxe5 5. Qxd8+ Kxd8 6. Bc4 Ke8 7. Be3 Nfd7 8.
Nd2 Bc5 9. Bxc5 Nxc5 10. Nb3 Nxb3 11. Bxb3 Ke7 12. O-O-O Na6 13. Ne2 Nc5 14. Bc4
Be6 15. Bxe6 Nxe6 16. Rd2 Rad8 17. Rhd1 Rxd2 18. Rxd2 c6 19. c3 h5 20. h4 g6 21.
Ng3 Rd8 22. Rxd8 Kxd8 23. Nf1 Ke7 24. Ne3 f6 25. g3 Kd6 26. Kd2 b5 27. b4 Kd7
28. Kd3 Kd6 29. Kd2 Kd7 30. Kd3 Kd6 31. Ke2 1/2-1/2

[Event "79th ch-ESP 2014"]
[Site "Linares ESP"]
[Date "2014.09.02"]
[Round "9.3"]
[White "Salgado Lopez, Ivan"]
[Black "Santos Latasa, Jaime"]
[Result "1-0"]
[WhiteTitle "GM"]
[BlackTitle "FM"]
[WhiteElo "2620"]
[BlackElo "2487"]
[WhiteFideId "2257327"]
[BlackFideId "2293307"]
[EventDate "2014.08.25"]

1. e4 c5 2. c3 d5 3. exd5 Qxd5 4. d4 g6 5. Nf3 Bg7 6. Na3 cxd4 7. Nb5 Na6 8.
Nbxd4 Nf6 9. Bb5+ Bd7 10. Qe2 Bxb5 11. Nxb5 O-O 12. O-O b6 13. Re1 Rfe8 14. Bf4
Qb7 15. Rad1 Rac8 16. Ne5 Nc5 17. Nxf7 Qe4 18. Qxe4 Ncxe4 19. Ng5 Nxg5 20. Bxg5
Rc5 21. Bxf6 Rxb5 22. Bxg7 Kxg7 23. Re2 Kf6 24. f3 Ra5 25. a3 Rc5 26. Kf2 e6 27.
Rd7 Re7 28. Red2 a5 29. R7d6 b5 30. Rb6 g5 31. g4 Re5 32. Kg3 Kg6 33. Rd8 h5 34.
gxh5+ Kxh5 35. Rdb8 Rf7 36. Rxb5 Re3 37. Rh8+ Kg6 38. Rg8+ Kh6 39. Rgxg5 Rfxf3+
40. Kg2 Rf6 41. Rge5 Rg6+ 42. Kf2 Rh3 43. Re2 Rxh2+ 44. Ke1 Rxe2+ 45. Kxe2 a4
46. Kf3 Rf6+ 47. Ke3 Rg6 48. Rb4 Rg2 49. Rxa4 Rxb2 50. Ra6 Kg7 51. Rxe6 Kf7 52.
Re4 Rb3 53. Kd4 Rxa3 54. c4 Ra8 55. Kd5 Rd8+ 56. Kc6 Rc8+ 57. Kd7 1-0

[Event "79th ch-ESP 2014"]
[Site "Linares ESP"]
[Date "2014.09.02"]
[Round "9.4"]
[White "Alexandrova, Olga"]
[Black "Vazquez Igarza, Renier"]
[Result "1/2-1/2"]
[WhiteTitle "IM"]
[BlackTitle "GM"]
[WhiteElo "2424"]
[BlackElo "2603"]
[WhiteFideId "14102463"]
[BlackFideId "3503054"]
[EventDate "2014.08.25"]

1. d4 Nf6 2. c4 c6 3. Nc3 d5 4. cxd5 cxd5 5. Bf4 Nc6 6. e3 a6 7. Bd3 Bg4 8. f3
Bh5 9. Nge2 e6 10. O-O Be7 11. Rc1 Bg6 12. Na4 Nd7 13. a3 Bxd3 14. Qxd3 O-O 15.
Rfd1 Rc8 16. b4 Nb6 17. Nxb6 Qxb6 18. Nc3 Na7 19. e4 Nb5 20. exd5 Nxc3 21. Rxc3
exd5 22. Rdc1 Rxc3 23. Qxc3 Bf6 24. Be3 h5 25. Bf2 Qb5 26. Qc5 Qd3 27. Qc3 Qb5
28. Qc5 Qd3 29. Qc3 Qb5 30. Qc5 Qd3 31. Qc3 Qf5 32. Qc2 Qf4 33. Qc7 Bg5 1/2-1/2

[Event "79th ch-ESP 2014"]
[Site "Linares ESP"]
[Date "2014.09.02"]
[Round "9.5"]
[White "Lopez Martinez, Josep Manuel"]
[Black "Suarez Garcia, Carlos"]
[Result "1-0"]
[WhiteTitle "GM"]
[BlackTitle "FM"]
[WhiteElo "2549"]
[BlackElo "2400"]
[WhiteFideId "2212943"]
[BlackFideId "22230858"]
[EventDate "2014.08.25"]

1. d4 d5 2. c4 e6 3. Nc3 c6 4. e3 Nd7 5. cxd5 cxd5 6. Bd3 Ngf6 7. Bd2 a6 8. a4
b6 9. f3 Bb7 10. Nge2 Bd6 11. O-O O-O 12. Qb1 e5 13. Be1 Qc7 14. Bg3 exd4 15.
exd4 g6 16. Rc1 Bxg3 17. hxg3 Qd6 18. Qc2 Rfc8 19. Qd2 Kg7 20. g4 h6 21. Kf2 Rh8
22. a5 b5 23. Na2 Rac8 24. Rxc8 Rxc8 25. Rh1 Rh8 26. Nac1 Nb8 27. Nb3 Nfd7 28.
Nf4 Nc6 29. Re1 Nf6 30. Bxg6 fxg6 31. Re6 Qb8 32. Nc5 Rf8 33. Kg1 Ne4 34. Rxg6+
Kh7 35. Nce6 Rxf4 36. Qxf4 Qxf4 37. Nxf4 Nd2 38. Rd6 Nc4 39. Rd7+ Kg8 40. Rxb7
Nxb2 41. Nxd5 Nxa5 42. Ra7 Nc6 43. Rxa6 Nxd4 44. Rxh6 Nc4 45. Ra6 Nc2 46. Ra7
Nd6 47. g5 1-0

[Event "79th ch-ESP 2014"]
[Site "Linares ESP"]
[Date "2014.09.02"]
[Round "9.6"]
[White "Teran Alvarez, Ismael"]
[Black "Anton Guijarro, David"]
[Result "0-1"]
[WhiteTitle "IM"]
[BlackTitle "GM"]
[WhiteElo "2388"]
[BlackElo "2624"]
[WhiteFideId "2204177"]
[BlackFideId "2285525"]
[EventDate "2014.08.25"]

1. c4 e5 2. g3 Nc6 3. Bg2 Bc5 4. Nc3 a6 5. Nf3 d6 6. O-O Nf6 7. e3 O-O 8. d4 Ba7
9. h3 h6 10. b3 exd4 11. Nxd4 Nxd4 12. exd4 Be6 13. Kh2 d5 14. c5 c6 15. Bf4 Re8
16. Re1 b5 17. b4 a5 18. a3 Bb8 19. Qd2 Re7 20. a4 axb4 21. Nxb5 Ne8 22. Reb1
Rb7 23. Rxb4 Bxf4 24. Qxf4 Qb8 25. Rab1 Qxf4 26. gxf4 Rab8 27. Ra1 g6 28. Rbb1
cxb5 29. c6 Rb6 30. axb5 Nc7 31. Bf1 Kg7 32. Rc1 Kf6 33. Rc5 Ke7 34. Ra7 Kd6 35.
Ra5 Ra8 36. Rxa8 Nxa8 37. Kg3 Rb8 38. Rc1 Nc7 39. Rc5 Bf5 0-1

[Event "79th ch-ESP 2014"]
[Site "Linares ESP"]
[Date "2014.09.02"]
[Round "9.7"]
[White "Korneev, Oleg"]
[Black "Fernandez Garcia, Jose Miguel"]
[Result "1-0"]
[WhiteTitle "GM"]
[BlackTitle "FM"]
[WhiteElo "2590"]
[BlackElo "2353"]
[WhiteFideId "4156803"]
[BlackFideId "22200070"]
[EventDate "2014.08.25"]

1. e4 e5 2. Nf3 Nc6 3. Bb5 f5 4. Nc3 fxe4 5. Nxe4 Nf6 6. Nxf6+ Qxf6 7. Qe2 Be7
8. Bxc6 dxc6 9. Nxe5 Bf5 10. O-O O-O 11. d4 Bd6 12. f4 Bxe5 13. dxe5 Qg6 14. Rf2
Rad8 15. Be3 Rd5 16. Raf1 h5 17. Kh1 Qg4 18. Qc4 Be6 19. h3 Qg6 20. Qe2 Bf5 21.
Kh2 h4 22. Kh1 Kf7 23. Rf3 Ke6 24. Bf2 Bxc2 25. Bxh4 Bd3 26. Rxd3 Qxd3 27. Qg4+
Kf7 28. Re1 Kg8 29. Bf6 Qh7 30. e6 Rf5 31. e7 R5xf6 32. e8=Q Rxe8 33. Rxe8+ Kf7
34. Rc8 Qf5 35. Rxc7+ Ke6 36. Qe2+ Kd5 37. Qd2+ Kc5 38. Qe3+ Kd6 39. Qe7+ Kd5
40. Rd7+ Kc4 41. Qe2+ Kc5 42. Qe3+ Kc4 43. b3+ 1-0

[Event "79th ch-ESP 2014"]
[Site "Linares ESP"]
[Date "2014.09.02"]
[Round "9.8"]
[White "Perez Candelario, Manuel"]
[Black "Sos Andreu, Eric"]
[Result "1-0"]
[WhiteTitle "GM"]
[BlackTitle "FM"]
[WhiteElo "2575"]
[BlackElo "2355"]
[WhiteFideId "2210622"]
[BlackFideId "22247017"]
[EventDate "2014.08.25"]

1. e4 c6 2. d4 d5 3. e5 c5 4. dxc5 Nc6 5. Nf3 Bg4 6. c3 e6 7. Be3 Bxf3 8. Qxf3
Nxe5 9. Bb5+ Nc6 10. O-O Nf6 11. c4 Be7 12. Nc3 a6 13. Ba4 O-O 14. cxd5 Nxd5 15.
Rfd1 Qa5 16. Nxd5 exd5 17. Bb3 d4 18. Bxd4 Nxd4 19. Rxd4 Qxc5 20. Rd7 Rad8 21.
Rxb7 Bf6 22. Re1 Qa5 23. Re2 Qxa2 24. g3 Qb1+ 25. Kg2 Rc8 26. Rxf7 Kh8 27. Bc2
Qxb2 28. Qh5 h6 29. Qg6 Kg8 30. Qh7+ 1-0

[Event "79th ch-ESP 2014"]
[Site "Linares ESP"]
[Date "2014.09.02"]
[Round "9.9"]
[White "Arizmendi Martinez, Julen Luis"]
[Black "Espinosa Aranda, Angel"]
[Result "1/2-1/2"]
[WhiteTitle "GM"]
[BlackTitle "IM"]
[WhiteElo "2544"]
[BlackElo "2385"]
[WhiteFideId "2205092"]
[BlackFideId "2278189"]
[EventDate "2014.08.25"]

1. d4 Nf6 2. c4 g6 3. Nc3 Bg7 4. e4 d6 5. Nf3 O-O 6. Be2 e5 7. O-O exd4 8. Nxd4
Re8 9. f3 Nc6 10. Be3 Nh5 11. Qd2 Nf4 12. Nxc6 Nxe2+ 13. Nxe2 bxc6 14. Bd4 Bxd4+
15. Nxd4 c5 16. Ne2 Bd7 17. Nc3 Bc6 18. Rfe1 Qf6 19. Rad1 Rab8 20. Re3 a5 21.
Qe2 Qg5 22. Re1 f5 23. exf5 Rxe3 24. Qxe3 Qxf5 25. b3 Re8 26. Qd2 Rxe1+ 27. Qxe1
Kf7 28. Qe3 g5 29. h3 h6 30. Kf2 Qc2+ 31. Kg3 Kf6 32. h4 Qf5 33. hxg5+ hxg5 34.
Nd1 d5 35. cxd5 Qxd5 36. Nc3 Qd4 37. Kf2 Qh4+ 38. Ke2 Qd4 39. g4 Kf7 40. Kf2 Kf6
41. Ne2 Qd6 42. Qc3+ Kg6 43. Qc2+ Kg7 44. Qf5 Kh6 45. f4 gxf4 46. Qh5+ Kg7 47.
Qg5+ Kf7 48. Qxf4+ Kg6 49. Qf5+ Kg7 50. Qg5+ Kf7 51. Qf5+ Kg7 52. Ke3 Bd7 53.
Qg5+ Kf7 54. Qf4+ Kg6 55. Nc3 Qe6+ 56. Ne4 c4 57. bxc4 Qxg4 58. Qf6+ Kh5 59.
Qh8+ Kg6 60. Qg8+ Kh6 61. Qh8+ Kg6 62. Qg8+ Kh6 63. Qxg4 Bxg4 64. Kd4 Kg6 65.
Nc3 Kf7 66. Nb5 Ke7 67. Kc5 Kd7 68. Nd4 Bh3 69. a4 Bg4 70. Kb5 Bd1 71. c5 c6+
72. Kxa5 Kc7 73. Kb4 Kb7 74. Ka5 Kc7 75. Nf5 Kb7 76. Nd6+ Ka7 77. Kb4 Ka6 78.
Nc4 Bf3 79. Ne5 Bd5 80. Nd3 Be4 81. Nf4 Bf3 82. Ne6 Be4 83. Nc7+ Kb7 84. Ne8 Bf3
85. Ka5 Ka7 86. Nc7 Kb7 87. Ne6 Ka7 88. Nd4 Bd5 89. Nf5 Be4 90. Ne3 Bf3 91. Nc4
Bd5 92. Nb6 Bf3 93. Kb4 Ka6 94. Nc4 Bd5 95. Kc3 Bxc4 96. Kxc4 Ka5 97. Kb3 Ka6
98. Kb4 Kb7 99. Kc3 Ka6 100. Kb4 Kb7 101. Kc3 1/2-1/2

[Event "79th ch-ESP 2014"]
[Site "Linares ESP"]
[Date "2014.09.02"]
[Round "9.10"]
[White "Gavilan Diaz, Mario"]
[Black "Antoli Royo, Joaquin Miguel"]
[Result "0-1"]
[WhiteTitle "FM"]
[BlackTitle "IM"]
[WhiteElo "2291"]
[BlackElo "2428"]
[WhiteFideId "2260905"]
[BlackFideId "2259532"]
[EventDate "2014.08.25"]

1. d4 Nf6 2. c4 g6 3. Nc3 d5 4. cxd5 Nxd5 5. e4 Nxc3 6. bxc3 Bg7 7. Bc4 c5 8.
Ne2 O-O 9. O-O Nc6 10. Be3 Bg4 11. f3 Bd7 12. Rb1 Qc7 13. dxc5 Rfd8 14. Qc2 Na5
15. Bd3 e5 16. c4 Ba4 17. Qc3 Bf8 18. Kh1 Bxc5 19. Bg5 Rd7 20. f4 Nc6 21. Rf3 a5
22. h4 Nb4 23. a3 Nxd3 24. Rxd3 Re8 25. Rd5 b6 26. Bf6 exf4 27. Be5 Qd8 28. Bf6
Be7 29. Bd4 Rxd5 30. cxd5 Bd6 31. Bf6 Be7 32. Bd4 Bc5 33. Bf6 Qd7 34. Qd3 f3 35.
Ng3 fxg2+ 36. Kxg2 Qg4 37. e5 Bd7 38. Rh1 Qf4 39. Rf1 Qa4 40. Qd2 Qxa3 41. h5
Bb5 42. Rf3 Qb4 43. Qg5 Qb1 44. hxg6 fxg6 45. e6 Bc4 46. e7 Qa2+ 47. Kh3 Bxd5
48. Qh6 Rxe7 49. Bxe7 Bxe7 50. Nf5 Bf8 51. Qf4 Bxf3 52. Qxf3 Qe6 0-1

[Event "79th ch-ESP 2014"]
[Site "Linares ESP"]
[Date "2014.09.02"]
[Round "9.11"]
[White "Vega Gutierrez, Sabrina"]
[Black "Escudero Manzano, Alejandro"]
[Result "1/2-1/2"]
[WhiteTitle "IM"]
[WhiteElo "2395"]
[BlackElo "2283"]
[WhiteFideId "2219026"]
[BlackFideId "2238004"]
[EventDate "2014.08.25"]

1. e4 c5 2. Nf3 Nc6 3. d4 cxd4 4. Nxd4 Nf6 5. Nc3 e5 6. Ndb5 d6 7. Bg5 a6 8. Na3
b5 9. Nd5 Be7 10. Bxf6 Bxf6 11. c4 b4 12. Nc2 O-O 13. h4 Rb8 14. b3 Be6 15. g3
Be7 16. Bg2 Qd7 17. O-O Bd8 18. Qd2 Bxd5 19. cxd5 Ne7 20. Nxb4 Ba5 21. a3 f5 22.
Qd3 Bxb4 23. axb4 Rxb4 24. Rxa6 Rd4 25. Qb1 fxe4 26. Bxe4 Nxd5 27. Bxd5+ Rxd5
28. b4 Kh8 29. Qa2 Rb5 30. Rd1 Rxb4 31. Raxd6 Qf5 32. Rd8 Rb8 33. Rxb8 Rxb8 34.
Qd5 h6 35. Re1 Rb2 36. Qc5 Rb1 37. Rxb1 Qxb1+ 38. Kg2 Qe4+ 39. f3 Qe2+ 40. Qf2
Qd3 41. Qe1 Qc2+ 42. Kf1 Qb2 43. Qe2 Qa1+ 44. Kg2 Qd4 45. h5 Qc3 46. Qe4 Qd2+
47. Kh3 Qd7+ 48. Qg4 Qf7 49. Qc8+ Kh7 50. Kg4 g6 51. Qc2 Qe6+ 52. Kh4 Qf6+ 53.
Kh3 Qf5+ 54. Qxf5 gxf5 55. g4 Kg7 56. gxf5 Kf7 57. Kg3 Kg7 58. f4 Kf6 59. fxe5+
Kxe5 1/2-1/2

[Event "79th ch-ESP 2014"]
[Site "Linares ESP"]
[Date "2014.09.02"]
[Round "9.12"]
[White "Aranaz Murillo, Amalia"]
[Black "Rubio Mejia, Luis Ignacio"]
[Result "0-1"]
[WhiteTitle "WIM"]
[BlackTitle "IM"]
[WhiteElo "2314"]
[BlackElo "2470"]
[WhiteFideId "22200371"]
[BlackFideId "2281228"]
[EventDate "2014.08.25"]

1. Nf3 d5 2. g3 Nf6 3. c4 c6 4. Bg2 Bg4 5. Ne5 Bf5 6. cxd5 cxd5 7. Nc3 Nc6 8.
Qa4 Bd7 9. Nxd7 Qxd7 10. d3 e6 11. O-O Bc5 12. Bg5 O-O 13. Bxf6 gxf6 14. Qg4+
Kh8 15. Nxd5 f5 16. Qc4 Bd4 17. Nc3 Rac8 18. Qa4 Rg8 19. e3 Bxc3 20. bxc3 Qxd3
21. Rad1 Qxc3 22. Rd7 Rg4 23. Qd1 Kg7 24. Rxb7 Rd8 25. Qc1 Rc4 26. Qxc3+ Rxc3
27. Rc7 Rd6 28. Rb1 Rc2 29. Bxc6 Rcxc6 30. Rxa7 Rc2 31. Rbb7 Rd1+ 32. Kg2 Rdd2
33. Rxf7+ Kg6 34. Rg7+ Kf6 35. Rgf7+ Kg6 36. g4 Rxf2+ 37. Kg3 Rg2+ 38. Kf4 Rxg4+
39. Ke5 Re4+ 40. Kd6 Rd2+ 41. Ke7 Rxe3 42. h4 Kh5 43. Ra4 Re4 44. Ra8 Kxh4 45.
Rg8 h5 46. Rh7 Rxa2 47. Kf6 Rg4 48. Rgh8 Re2 49. Rxh5+ Kg3 50. Rh3+ Kf2 51. Rh2+
Rg2 52. R2h4 Re4 53. Rh3 f4 54. Ra8 f3 55. Ra3 Re3 56. Ra2+ Re2 57. Ra3 Rg3 58.
Rh2+ Ke1 59. Rh1+ Kd2 60. Ra2+ Kc3 61. Ra3+ Kd2 62. Ra2+ Ke3 63. Ra3+ Kf2 64.
Rh2+ Kg1 65. Rh5 Re1 66. Rb5 Kg2 67. Rbb3 e5 68. Kf5 e4 69. Kf4 Rg8 70. Ke5 0-1

[Event "79th ch-ESP 2014"]
[Site "Linares ESP"]
[Date "2014.09.02"]
[Round "9.13"]
[White "Silva Rodriguez, Julio"]
[Black "Matnadze, Ana"]
[Result "1/2-1/2"]
[BlackTitle "IM"]
[WhiteElo "2210"]
[BlackElo "2385"]
[WhiteFideId "2215284"]
[BlackFideId "13601377"]
[EventDate "2014.08.25"]

1. e4 c6 2. d4 g6 3. h3 Bg7 4. Nf3 d5 5. e5 f6 6. Bf4 Nh6 7. exf6 exf6 8. Be2
O-O 9. O-O Nf7 10. c4 Be6 11. Qb3 Qb6 12. Nc3 dxc4 13. Bxc4 Qxb3 14. axb3 Bxc4
15. bxc4 Nd7 16. Rfe1 Rfd8 17. Ra3 g5 18. Bh2 h5 19. Rea1 a6 20. c5 f5 21. Ne2
Re8 22. Kf1 Bf6 23. Rb3 Nd8 24. Bc7 g4 25. Nd2 Ne6 26. Rxb7 Nxd4 27. Nxd4 Bxd4
28. Nb3 Bxb2 29. Rd1 Nf8 30. Na5 Bc3 31. Nxc6 a5 32. Rb3 Bg7 33. Nxa5 Ne6 34.
Bb6 Nxc5 35. Bxc5 Rxa5 36. Bb6 Rae5 37. hxg4 hxg4 38. g3 R5e7 39. Re3 Kf7 40.
Rxe7+ Rxe7 41. Be3 Be5 42. Rd5 Ke6 43. Rb5 Rd7 44. Kg2 Rd3 45. Rb6+ Kf7 46. Rb5
Ke6 47. Rb6+ Rd6 48. Rxd6+ Kxd6 49. f3 Kd5 50. fxg4 fxg4 51. Bc1 Ke4 52. Ba3 Ke3
53. Bf8 Ke2 54. Bh6 Bd4 55. Bg5 Be3 56. Bd8 Bf2 57. Be7 Bxg3 58. Kxg3 1/2-1/2

[Event "79th ch-ESP 2014"]
[Site "Linares ESP"]
[Date "2014.09.02"]
[Round "9.14"]
[White "Suarez Uriel, Adrian"]
[Black "Espineira Gonzalez, Diego"]
[Result "0-1"]
[BlackTitle "IM"]
[WhiteElo "2292"]
[BlackElo "2360"]
[WhiteFideId "22230874"]
[BlackFideId "2229498"]
[EventDate "2014.08.25"]

1. e4 e6 2. d4 d5 3. Nc3 Bb4 4. exd5 exd5 5. Bd3 Nc6 6. a3 Bxc3+ 7. bxc3 Nge7 8.
Qf3 Be6 9. Ne2 Qd7 10. O-O O-O-O 11. Ng3 Kb8 12. h3 h6 13. Nh5 Rhg8 14. Re1 Bf5
15. Bf4 Qc8 16. Be5 f6 17. Bh2 Rdf8 18. Re3 g5 19. g4 Bxd3 20. cxd3 f5 21. Be5
Ng6 22. Rb1 fxg4 23. Qxg4 Qf5 24. Qxf5 Rxf5 25. Bg3 Nf4 26. Rbe1 Kc8 27. Re8+
Rxe8 28. Rxe8+ Kd7 29. Ng7 Rf7 30. Bxf4 gxf4 0-1

[Event "79th ch-ESP 2014"]
[Site "Linares ESP"]
[Date "2014.09.02"]
[Round "9.15"]
[White "Alvarez Fernandez, Enrique"]
[Black "Trigo Urquijo, Sergio"]
[Result "1/2-1/2"]
[WhiteTitle "FM"]
[WhiteElo "2355"]
[BlackElo "2274"]
[WhiteFideId "2227398"]
[BlackFideId "2262436"]
[EventDate "2014.08.25"]

1. d4 Nf6 2. Bg5 Ne4 3. Bf4 d6 4. f3 Nf6 5. e4 e5 6. Bg5 Be7 7. Nc3 c6 8. Qd2
Nbd7 9. Nge2 b5 10. Ng3 Nb6 11. dxe5 dxe5 12. Qxd8+ Bxd8 13. a4 b4 14. Nd1 a5
15. b3 g6 16. Nb2 Be6 17. Bd3 Nfd7 18. Be3 Be7 19. Nf1 Bc5 20. Ke2 Ke7 21. Nd2
Rhd8 22. g3 Bxe3 23. Kxe3 Nc5 24. f4 exf4+ 25. Kxf4 Rd7 26. Rhe1 Rad8 27. Rad1
f6 28. Ke3 f5 29. exf5 Nxd3 30. Nxd3 Bxf5 31. Kf2+ Kf8 32. Ne4 Nd5 33. Nec5 Rf7
34. Kg1 Nc3 35. Rd2 Rd5 36. Rf2 h5 37. Re5 Kg7 38. Ne6+ Kg8 39. Rxd5 cxd5 40.
Nd4 Nd1 41. Nxf5 Nxf2 42. Nh6+ Kg7 43. Nxf7 Nxd3 44. Nd8 Ne1 45. Nc6 Nxc2 46.
Nxa5 Nd4 47. Kf2 Kf6 48. Ke3 Ke5 49. Kd3 g5 50. Ke3 Nf5+ 51. Kd3 Nd4 52. Ke3
Nf5+ 1/2-1/2